000 00334nam a2200133Ia 4500
008 240624s9999 xx 000 0 und d
041 _aeng
082 _a891.46 TEN
100 _aTENDULKAR VIJAY
245 _aTENDULKARANCHA NIVDAK KATHA
260 _c2007
_aPune
_bRajhans Prakashan
300 _a245 : p. : cm. ; 21
365 _cRS
_b20
999 _c6923
_d6923